[Event "20th Rubinstein Memorial"]
[Site "Polanica Zdroj POL"]
[Date "1982.08.??"]
[Round "1"]
[White "Filipowicz, Andrzej"]
[Black "Vilela de Acuna, Jose Luis"]
[WhiteElo "2395"]
[BlackElo "2328"]
[Result "1-0"]
[EventDate "1982.08.11"]
[PlyCount "97"]
1. d4 Nf6 2. Nf3 e6 3. c4 b6 4. g3 Ba6 5. Qb3 c5 6. d5 g6 7. Bg2 exd5 8. cxd5 Bg7 9. Qe3+ Kf8 10. Nc3 d6 11. O-O Nbd7 12. Qf4 Qe7 13. Qa4 Bb7 14. Bf4 h6 15. e4 a6 16. e5 dxe5 17. Nxe5 b5 18. Qc2 Nxe5 19. d6 Qd7 20. Bxb7 Qxb7 21. Bxe5 Nd7 22. Bxg7+ Kxg7 23. Ne4 Rac8 24. Qc3+ Kh7 25. Nf6+ Nxf6 26. Qxf6 Rhe8 27. Rfe1 Kg8 28. Re7 Rxe7 29. dxe7 Re8 30. Re1 Qd7 31. h4 h5 32. Qxa6 Rxe7 33. Rxe7 Qxe7 34. Qxb5 Qe1+ 35. Qf1 Qd2 36. Qb1 Kf8 37. b3 Ke7 38. Qe4+ Kd6 39. Qf4+ Qxf4 40. gxf4 Kd5 41. a4 Kc6 42. Kf1 Kb6 43. Ke2 Ka5 44. Kd3 Kb4 45. Kc2 f6 46. Kb2 c4 47. f5 gxf5 48. bxc4 Kxc4 49. Kc2 1-0

[Event "20th Rubinstein Memorial"]
[Site "Polanica Zdroj POL"]
[Date "1982.08.??"]
[Round "1"]
[White "Panczyk, Krzysztof"]
[Black "Sznapik, Aleksander"]
[WhiteElo "2380"]
[BlackElo "2480"]
[Result "1/2-1/2"]
[EventDate "1982.08.11"]
[PlyCount "89"]
1. d4 Nf6 2. Nf3 g6 3. Bg5 Bg7 4. Nbd2 c5 5. Bxf6 Bxf6 6. Ne4 Bxd4 7. Nxd4 cxd4 8. Qxd4 O-O 9. O-O-O Qa5 10. Nc3 Nc6 11. Qd2 d6 12. h4 Be6 13. Kb1 Ne5 14. e4 Rfc8 15. a3 Ng4 16. Nd5 Qxd2 17. Rxd2 Bxd5 18. exd5 h5 19. Rh3 Rc7 20. Rb3 Kf8 21. f3 Ne5 22. g3 Rac8 23. Bh3 f5 24. Bf1 Nd7 25. Re3 Nf6 26. Be2 Kf7 27. c4 b6 28. b3 a5 29. Rd4 b5 30. Rc3 Rb8 31. Kb2 b4 32. Re3 bxa3+ 33. Kxa3 Rcb7 34. Bd1 Nd7 35. g4 hxg4 36. fxg4 fxg4 37. Rf4+ Nf6 38. Bxg4 a4 39. bxa4 Rb1 40. Be6+ Kg7 41. Rf2 Ra1+ 42. Ra2 Rc1 43. Rg2 Ra1+ 44. Ra2 Rc1 45. Rg2 1/2-1/2

[Event "20th Rubinstein Memorial"]
[Site "Polanica Zdroj POL"]
[Date "1982.08.??"]
[Round "1"]
[White "Pokojowczyk, Jerzy"]
[Black "Radulov, Ivan"]
[WhiteElo "2420"]
[BlackElo "2480"]
[Result "0-1"]
[EventDate "1982.08.11"]
[PlyCount "98"]
1. e4 c5 2. Nf3 Nc6 3. d4 cxd4 4. Nxd4 Nf6 5. Nc3 d6 6. Bg5 e6 7. Qd2 a6 8. O-O-O h6 9. Bf4 Bd7 10. Nxc6 Bxc6 11. Qe1 Qc7 12. e5 d5 13. Bg3 Nh5 14. f4 g5 15. fxg5 Nxg3 16. hxg3 Bg7 17. g6 fxg6 18. Bd3 Qxe5 19. Bxg6+ Ke7 20. Qxe5 Bxe5 21. Ne2 Rag8 22. Bh5 Bxg3 23. Nxg3 Rxg3 24. Bf3 b5 25. Rh4 Rg6 26. b3 Kd6 27. a3 Rf8 28. Rd2 Rc8 29. Kb2 e5 30. Be4 Rf6 31. g4 d4 32. Bf5 Bd7 33. Bxd7 Kxd7 34. Rh5 Re6 35. c3 Rxc3 36. Rxe5 Rxb3+ 37. Kxb3 Rxe5 38. Rxd4+ Kc6 39. Rf4 Kd5 40. Rf6 Re6 41. Rf5+ Ke4 42. Kb4 Rg6 43. Ka5 Rxg4 44. Rf6 h5 45. Rxa6 Rg5 46. a4 bxa4+ 47. Kxa4 h4 48. Kb3 Kf3 49. Kc3 h3 0-1

[Event "20th Rubinstein Memorial"]
[Site "Polanica Zdroj POL"]
[Date "1982.08.??"]
[Round "1"]
[White "Spiridonov, Nikola"]
[Black "Foisor, Ovidiu"]
[WhiteElo "2440"]
[BlackElo "2400"]
[Result "1/2-1/2"]
[EventDate "1982.08.11"]
[PlyCount "81"]
1. g3 c5 2. Bg2 d5 3. Nf3 Nc6 4. d4 Nf6 5. O-O e6 6. c4 dxc4 7. Qa4 Bd7 8. dxc5 Bxc5 9. Qxc4 Be7 10. Nc3 O-O 11. Rd1 Qa5 12. Be3 Rfd8 13. a3 Rac8 14. Qb5 b6 15. h3 Be8 16. Rxd8 Rxd8 17. Rc1 Qxb5 18. Nxb5 Nd5 19. Bd2 a6 20. Nc3 Nxc3 21. Bxc3 f6 22. e3 Kf7 23. Nd4 Nxd4 24. Bxd4 b5 25. f4 Bd6 26. Kf2 Bd7 27. g4 Rc8 28. Rxc8 Bxc8 29. Bb6 g5 30. fxg5 fxg5 31. Bc6 Be5 32. b3 Bb2 33. a4 bxa4 34. bxa4 Bc3 35. a5 Ke7 36. Be4 h6 37. Ke2 Bd7 38. Bd3 Bc8 39. e4 Kd6 40. Bc4 Bb7 41. Kd3 1/2-1/2

[Event "20th Rubinstein Memorial"]
[Site "Polanica Zdroj POL"]
[Date "1982.08.??"]
[Round "1"]
[White "Stempin, Pawel"]
[Black "Nicevski, Risto"]
[WhiteElo "2380"]
[BlackElo "2355"]
[Result "0-1"]
[EventDate "1982.08.11"]
[PlyCount "84"]
1. d4 Nf6 2. c4 g6 3. Nc3 Bg7 4. e4 d6 5. f3 a6 6. Bg5 Nbd7 7. Nh3 c6 8. Qd2 b5 9. Nf2 Qa5 10. a3 O-O 11. Be2 bxc4 12. Bxc4 e5 13. dxe5 Nxe5 14. Ba2 Be6 15. O-O Bxa2 16. Rxa2 Nc4 17. Qc1 Nh5 18. b3 Bxc3 19. bxc4 Bf6 20. Be3 Rfe8 21. Rd1 Rad8 22. Ng4 Bg7 23. Bg5 Rb8 24. Kh1 Rb3 25. Bd2 Qb6 26. Bb4 c5 27. Qc2 Rxb4 28. axb4 cxb4 29. Qa4 Ra8 30. Rad2 Bf8 31. Rb1 a5 32. Rd5 Nf4 33. Rd2 Bg7 34. Ra2 Bc3 35. Nf2 Qc5 36. Qb3 Rc8 37. Nd1 Bd4 38. Qa4 Nh5 39. g4 Nf4 40. Qxa5 Qxc4 41. Nf2 Qc3 42. Qa6 Qxf3+ 0-1

[Event "20th Rubinstein Memorial"]
[Site "Polanica Zdroj POL"]
[Date "1982.08.??"]
[Round "1"]
[White "Vogt, Lothar"]
[Black "Bielczyk, Jacek"]
[WhiteElo "2490"]
[BlackElo "2390"]
[Result "1/2-1/2"]
[EventDate "1982.08.11"]
[PlyCount "85"]
1. Nf3 d6 2. d4 Bg4 3. e3 Nf6 4. Be2 Nbd7 5. c4 c6 6. O-O e5 7. Nc3 Be7 8. Qc2 O-O 9. b3 Re8 10. Bb2 Bf8 11. dxe5 dxe5 12. Rad1 Qc7 13. h3 Bh5 14. Ng5 Bxe2 15. Nxe2 h6 16. Nf3 Rad8 17. Ng3 g6 18. Bc3 Bg7 19. Qb2 Rc8 20. b4 Re7 21. e4 Rce8 22. Rd3 Nh7 23. Rfd1 Ndf8 24. Rd6 Ng5 25. Nxg5 hxg5 26. c5 Re6 27. R6d3 R6e7 28. Rd6 Re6 29. Qd2 Bf6 30. Nf1 Rxd6 31. cxd6 Qd8 32. Ne3 Nd7 33. Nc4 Re6 34. a4 Bg7 35. Qe3 b6 36. b5 Qc8 37. Qe2 Bf8 38. Bb4 a6 39. Qe3 cxb5 40. Nxb6 Nxb6 41. Qxb6 Qc2 42. Re1 Bxd6 43. Bxd6 1/2-1/2

[Event "20th Rubinstein Memorial"]
[Site "Polanica Zdroj POL"]
[Date "1982.08.??"]
[Round "2"]
[White "Bielczyk, Jacek"]
[Black "Stempin, Pawel"]
[WhiteElo "2390"]
[BlackElo "2380"]
[Result "1-0"]
[EventDate "1982.08.11"]
[PlyCount "69"]
1. e4 c5 2. Nf3 d6 3. d4 cxd4 4. Nxd4 Nf6 5. Nc3 e6 6. Bb5+ Nbd7 7. Bg5 a6 8. Bxd7+ Bxd7 9. f4 h6 10. Bh4 Be7 11. Qf3 O-O 12. O-O-O b5 13. a3 Qb8 14. Rhe1 a5 15. e5 dxe5 16. fxe5 Nd5 17. Nxd5 Bxh4 18. Qg4 Bg5+ 19. Kb1 b4 20. a4 Bxa4 21. Nf6+ Kh8 22. h4 Bxf6 23. exf6 gxf6 24. Qh5 Kh7 25. g4 Qf4 26. g5 fxg5 27. Rf1 Qe5 28. b3 Be8 29. hxg5 Qxg5 30. Qf3 Bd7 31. Rg1 Qd5 32. Qf6 Rg8 33. Qxf7+ Kh8 34. Rh1 Qg5 35. Qxd7 1-0

[Event "20th Rubinstein Memorial"]
[Site "Polanica Zdroj POL"]
[Date "1982.08.??"]
[Round "2"]
[White "Foisor, Ovidiu"]
[Black "Pokojowczyk, Jerzy"]
[WhiteElo "2400"]
[BlackElo "2420"]
[Result "1-0"]
[EventDate "1982.08.11"]
[PlyCount "80"]
1. d4 Nf6 2. c4 c5 3. d5 e6 4. Nc3 exd5 5. cxd5 d6 6. Nf3 g6 7. e4 Bg7 8. Bg5 h6 9. Bh4 a6 10. Nd2 b5 11. Be2 Nbd7 12. Qc2 O-O 13. a4 b4 14. Nd1 Re8 15. Ne3 b3 16. Qb1 Qa5 17. Nec4 Qb4 18. O-O Nxd5 19. Nxd6 Qxd2 20. Nxe8 Qxe2 21. Nxg7 Nb4 22. Ne8 Nc2 23. Qd1 Qc4 24. Rc1 g5 25. Bg3 a5 26. Nc7 Ra7 27. Qd6 Qxe4 28. Nd5 Bb7 29. Rcd1 Nd4 30. Ne3 Ba6 31. Rfe1 Qe6 32. Qxe6 fxe6 33. f3 Rb7 34. Kf2 Rb4 35. Ra1 h5 36. Rec1 c4 37. Bd6 Rb7 38. Nxc4 Nc2 39. Nxa5 Rb6 40. Bc7 Rc6 1-0

[Event "20th Rubinstein Memorial"]
[Site "Polanica Zdroj POL"]
[Date "1982.08.??"]
[Round "2"]
[White "Pytel, Krzysztof"]
[Black "Filipowicz, Andrzej"]
[WhiteElo "2405"]
[BlackElo "2395"]
[Result "1-0"]
[EventDate "1982.08.11"]
[PlyCount "81"]
1. d4 Nf6 2. c4 c5 3. d5 e6 4. Nc3 exd5 5. cxd5 d6 6. e4 g6 7. f3 Bg7 8. Bg5 h6 9. Be3 O-O 10. Qd2 Kh7 11. Nge2 Re8 12. Ng3 Nbd7 13. Be2 a6 14. a4 Ne5 15. O-O Rb8 16. h3 g5 17. f4 gxf4 18. Rxf4 Ng6 19. Rf2 Re5 20. Raf1 Bd7 21. Nf5 Bxf5 22. exf5 Nf8 23. Bf4 Re8 24. Bd3 Qc7 25. b3 N8d7 26. g4 Ne5 27. Bb1 c4 28. b4 Qb6 29. Kh1 Nd3 30. Bxd3 cxd3 31. Qxd3 Qxb4 32. Bd2 Rbc8 33. Rf4 Qa3 34. h4 Kg8 35. g5 hxg5 36. hxg5 Ne4 37. f6 Nxd2 38. g6 Qxc3 39. gxf7+ Kxf7 40. fxg7+ Kg8 41. Rf8+ 1-0

[Event "20th Rubinstein Memorial"]
[Site "Polanica Zdroj POL"]
[Date "1982.08.??"]
[Round "2"]
[White "Radulov, Ivan"]
[Black "Popovic, Petar"]
[WhiteElo "2480"]
[BlackElo "2460"]
[Result "1/2-1/2"]
[EventDate "1982.08.11"]
[PlyCount "31"]
1. e4 e5 2. Nf3 Nf6 3. Nxe5 d6 4. Nf3 Nxe4 5. Qe2 Qe7 6. d3 Nf6 7. Nc3 Qxe2+ 8. Bxe2 c6 9. Bg5 Be7 10. Ne4 Nbd7 11. O-O-O d5 12. Nxf6+ Nxf6 13. h3 O-O 14. Rhe1 Re8 15. Bf1 Be6 16. Ne5 1/2-1/2

[Event "20th Rubinstein Memorial"]
[Site "Polanica Zdroj POL"]
[Date "1982.08.??"]
[Round "2"]
[White "Schmidt, Wlodzimierz"]
[Black "Panczyk, Krzysztof"]
[WhiteElo "2475"]
[BlackElo "2380"]
[Result "1/2-1/2"]
[EventDate "1982.08.11"]
[PlyCount "31"]
1. d4 Nf6 2. c4 e6 3. Nf3 b6 4. a3 c5 5. d5 Ba6 6. Qc2 exd5 7. cxd5 g6 8. Nc3 d6 9. g3 Bg7 10. Bg2 O-O 11. O-O Re8 12. Re1 b5 13. e4 Qb6 14. b3 Nbd7 15. Bb2 Ng4 16. Nd1 1/2-1/2

[Event "20th Rubinstein Memorial"]
[Site "Polanica Zdroj POL"]
[Date "1982.08.??"]
[Round "2"]
[White "Sznapik, Aleksander"]
[Black "Vogt, Lothar"]
[WhiteElo "2480"]
[BlackElo "2490"]
[Result "1/2-1/2"]
[EventDate "1982.08.11"]
[PlyCount "41"]
1. e4 c5 2. Nf3 e6 3. d4 cxd4 4. Nxd4 Nf6 5. Nc3 d6 6. Be2 Be7 7. O-O O-O 8. f4 Nc6 9. Be3 e5 10. Nb3 exf4 11. Rxf4 Be6 12. Nd4 Nxd4 13. Qxd4 d5 14. e5 Nd7 15. Rd1 Bc5 16. Qd2 Qb6 17. Bxc5 Qxc5+ 18. Qd4 Rfc8 19. Bf3 Nxe5 20. Bxd5 Bxd5 21. Qxc5 1/2-1/2

[Event "20th Rubinstein Memorial"]
[Site "Polanica Zdroj POL"]
[Date "1982.08.??"]
[Round "2"]
[White "Vilela de Acuna, Jose Luis"]
[Black "Spiridonov, Nikola"]
[WhiteElo "2328"]
[BlackElo "2440"]
[Result "1/2-1/2"]
[EventDate "1982.08.11"]
[PlyCount "37"]
1. d4 Nf6 2. c4 g6 3. Nc3 d5 4. Bg5 Ne4 5. Bh4 Nxc3 6. bxc3 dxc4 7. Qa4+ Qd7 8. Qxc4 b6 9. Nf3 Bg7 10. e3 Ba6 11. Qb3 Bxf1 12. Rxf1 c5 13. Ke2 cxd4 14. cxd4 O-O 15. Rfd1 Nc6 16. Rac1 Rac8 17. Qb5 e6 18. Kf1 Qb7 19. Nd2 1/2-1/2

[Event "20th Rubinstein Memorial"]
[Site "Polanica Zdroj POL"]
[Date "1982.08.??"]
[Round "3"]
[White "Nicevski, Risto"]
[Black "Bielczyk, Jacek"]
[WhiteElo "2355"]
[BlackElo "2390"]
[Result "1/2-1/2"]
[EventDate "1982.08.11"]
[PlyCount "32"]
1. e4 c5 2. Nf3 Nc6 3. Nc3 d6 4. d4 cxd4 5. Nxd4 Nf6 6. Bg5 e6 7. Qd3 Be7 8. Rd1 Nxd4 9. Qxd4 O-O 10. Be2 Qa5 11. Bd2 Qc7 12. O-O Bd7 13. a4 a6 14. a5 Bc6 15. Bf3 Rfd8 16. Qe3 Rac8 1/2-1/2

[Event "20th Rubinstein Memorial"]
[Site "Polanica Zdroj POL"]
[Date "1982.08.??"]
[Round "3"]
[White "Panczyk, Krzysztof"]
[Black "Radulov, Ivan"]
[WhiteElo "2380"]
[BlackElo "2480"]
[Result "1/2-1/2"]
[EventDate "1982.08.11"]
[PlyCount "71"]
1. d4 d5 2. c4 dxc4 3. Nf3 c5 4. e3 e6 5. Bxc4 a6 6. a4 Nf6 7. O-O Qc7 8. Qe2 Nc6 9. Nc3 Bd6 10. Rd1 O-O 11. h3 e5 12. dxc5 Bxc5 13. b3 Qe7 14. Bb2 Be6 15. Nd5 Bxd5 16. Bxd5 Nxd5 17. Rxd5 Rad8 18. Rad1 Bd6 19. Qc4 Bc7 20. e4 h6 21. g3 Kh7 22. Kg2 f6 23. Nh4 Rf7 24. Rxd8 Nxd8 25. Qe2 g6 26. Qg4 Rg7 27. Qc8 Qb4 28. Rxd8 Bxd8 29. Qxd8 Qxb3 30. Bc1 Qc4 31. Bxh6 Qxe4+ 32. Nf3 Kxh6 33. Qh8+ Rh7 34. Qf8+ Rg7 35. Qh8+ Rh7 36. Qf8+ 1/2-1/2

[Event "20th Rubinstein Memorial"]
[Site "Polanica Zdroj POL"]
[Date "1982.08.??"]
[Round "3"]
[White "Pokojowczyk, Jerzy"]
[Black "Vilela de Acuna, Jose Luis"]
[WhiteElo "2420"]
[BlackElo "2328"]
[Result "1-0"]
[EventDate "1982.08.11"]
[PlyCount "73"]
1. e4 e6 2. d4 d5 3. Nd2 c5 4. exd5 exd5 5. Ngf3 a6 6. Be2 c4 7. O-O Bd6 8. b3 cxb3 9. axb3 Ne7 10. Re1 Nbc6 11. Nf1 O-O 12. c3 Qc7 13. Ba3 Bxa3 14. Rxa3 Bf5 15. Ne3 Bg6 16. b4 Rad8 17. Qb3 Qd6 18. Raa1 Nf5 19. Nf1 Rfe8 20. b5 axb5 21. Bxb5 Bh5 22. Bd3 Nfe7 23. N3d2 Rb8 24. Ne3 Bg6 25. Be2 f6 26. Bf3 Bf7 27. Qb6 Red8 28. Reb1 Nc8 29. Qb5 N8e7 30. Nb3 b6 31. Ra6 Qc7 32. Nd2 Na5 33. Rxb6 Ra8 34. c4 Be8 35. Nxd5 Qa7 36. Qc5 Ng6 37. Bg4 1-0

[Event "20th Rubinstein Memorial"]
[Site "Polanica Zdroj POL"]
[Date "1982.08.??"]
[Round "3"]
[White "Popovic, Petar"]
[Black "Foisor, Ovidiu"]
[WhiteElo "2460"]
[BlackElo "2400"]
[Result "1/2-1/2"]
[EventDate "1982.08.11"]
[PlyCount "135"]
1. e4 c5 2. Nf3 e6 3. d4 cxd4 4. Nxd4 Nf6 5. Nc3 d6 6. g3 Be7 7. Bg2 O-O 8. O-O a6 9. a4 Qc7 10. a5 Nc6 11. Nb3 Nd7 12. Bf4 b5 13. axb6 Nxb6 14. Qe2 Bf6 15. Rfd1 Ne5 16. Na5 Rb8 17. Ra2 Rd8 18. Bc1 Nec4 19. Nc6 Bxc3 20. Nxb8 Qxb8 21. bxc3 e5 22. Be3 Nxe3 23. Qxe3 Nc4 24. Qf3 Qb5 25. Bf1 Be6 26. Raa1 Qc6 27. Bxc4 Bxc4 28. Qe3 h6 29. f3 Ra8 30. Rab1 Bb5 31. c4 Qxc4 32. Rxd6 Qxc2 33. Rc1 Qa2 34. Qc3 Re8 35. Rd2 Qe6 36. Qc5 Qh3 37. Rd5 Qh5 38. Kg2 Kh7 39. Qe3 Qg6 40. Rcc5 Qb6 41. h4 Bc4 42. Qc3 Bxd5 43. exd5 h5 44. Rc6 Qb1 45. Qd2 Rb8 46. Rc2 Rb4 47. Qe2 Rd4 48. f4 Qd1 49. fxe5 Qxe2+ 50. Rxe2 Rxd5 51. e6 fxe6 52. Rxe6 Ra5 53. Kf3 Ra4 54. Rb6 Kg8 55. Rb7 a5 56. Ra7 Kh7 57. Ra6 g6 58. Ra7+ Kg8 59. Kf2 Ra3 60. Kg2 Kf8 61. Kf2 Ra1 62. Kg2 a4 63. Kf3 a3 64. Kf4 a2 65. Kg5 Rg1 66. Rxa2 Rxg3+ 67. Kf6 Kg8 68. Ra7 1/2-1/2

[Event "20th Rubinstein Memorial"]
[Site "Polanica Zdroj POL"]
[Date "1982.08.??"]
[Round "3"]
[White "Spiridonov, Nikola"]
[Black "Pytel, Krzysztof"]
[WhiteElo "2440"]
[BlackElo "2405"]
[Result "1/2-1/2"]
[EventDate "1982.08.11"]
[PlyCount "89"]
1. c4 Nf6 2. Nf3 g6 3. b4 Bg7 4. Bb2 O-O 5. g3 d6 6. Bg2 e5 7. O-O Nh5 8. Qc2 f5 9. d3 g5 10. c5 g4 11. Qb3+ Kh8 12. Nfd2 Nc6 13. cxd6 cxd6 14. Nc3 Nd4 15. Qd1 f4 16. Nce4 d5 17. Bxd4 exd4 18. Nc5 b6 19. Ncb3 Bb7 20. Rc1 Qe7 21. a3 Rae8 22. Qc2 fxg3 23. hxg3 Nxg3 24. fxg3 Qe3+ 25. Kh2 Re6 26. Bf3 Qh6+ 27. Kg1 gxf3 28. Nxf3 Qh3 29. Rf2 Bh6 30. Nbxd4 Rg6 31. Rh2 Qxg3+ 32. Kh1 Bxc1 33. Qxc1 Rfg8 34. Qa1 R8g7 35. Nf5 Qf4 36. Nxg7 Rxg7 37. Rg2 d4 38. Rxg7 Kxg7 39. Qg1+ Kf6 40. Qf2 Kf5 41. Kg2 b5 42. Kf1 Bxf3 43. exf3 Ke5 44. Qe1+ Qe3 45. Qg3+ 1/2-1/2

[Event "20th Rubinstein Memorial"]
[Site "Polanica Zdroj POL"]
[Date "1982.08.??"]
[Round "3"]
[White "Stempin, Pawel"]
[Black "Sznapik, Aleksander"]
[WhiteElo "2380"]
[BlackElo "2480"]
[Result "1-0"]
[EventDate "1982.08.11"]
[PlyCount "89"]
1. d4 Nf6 2. c4 g6 3. Nc3 Bg7 4. e4 d6 5. f3 O-O 6. Be3 Nc6 7. Qd2 a6 8. Nge2 Rb8 9. h4 h5 10. Bh6 b5 11. Bxg7 Kxg7 12. d5 Na5 13. cxb5 axb5 14. b4 Nc4 15. Qc1 Bd7 16. Nd4 e6 17. dxe6 fxe6 18. Ncxb5 c5 19. Qxc4 cxd4 20. Nxd6 Rb6 21. Qxd4 Ba4 22. e5 Nd5 23. a3 Rf4 24. Ne4 Rb7 25. Be2 Rxh4 26. Rxh4 Qxh4+ 27. g3 Qh3 28. Bf1 Qf5 29. Be2 Qh3 30. Rc1 Rd7 31. Bf1 Qf5 32. Nc5 Rf7 33. Be2 Bd7 34. a4 Qg5 35. Rb1 Qxg3+ 36. Kd1 Rf4 37. Qd2 Bc8 38. a5 Rh4 39. Kc1 Qxe5 40. Ne4 Rh1+ 41. Kc2 Rh2 42. b5 Nf4 43. Re1 Qc7+ 44. Qc3+ Qxc3+ 45. Nxc3 1-0

[Event "20th Rubinstein Memorial"]
[Site "Polanica Zdroj POL"]
[Date "1982.08.??"]
[Round "3"]
[White "Vogt, Lothar"]
[Black "Schmidt, Wlodzimierz"]
[WhiteElo "2490"]
[BlackElo "2475"]
[Result "1/2-1/2"]
[EventDate "1982.08.11"]
[PlyCount "35"]
1. e4 c5 2. Nf3 d6 3. d4 cxd4 4. Nxd4 Nf6 5. Nc3 a6 6. Be2 e6 7. f4 Be7 8. O-O Nc6 9. Be3 O-O 10. Qe1 Nxd4 11. Bxd4 b5 12. a3 Bb7 13. Qg3 g6 14. Bf3 a5 15. Rad1 b4 16. axb4 axb4 17. e5 Bxf3 18. Qxf3 1/2-1/2

[Event "20th Rubinstein Memorial"]
[Site "Polanica Zdroj POL"]
[Date "1982.08.??"]
[Round "4"]
[White "Filipowicz, Andrzej"]
[Black "Spiridonov, Nikola"]
[WhiteElo "2395"]
[BlackElo "2440"]
[Result "1/2-1/2"]
[EventDate "1982.08.11"]
[PlyCount "29"]
1. d4 Nf6 2. c4 e6 3. Nf3 Bb4+ 4. Bd2 c5 5. e3 O-O 6. Bd3 d6 7. O-O Nc6 8. Nc3 e5 9. d5 Ne7 10. Qc2 Ng6 11. a3 Ba5 12. Rab1 Qe7 13. b4 Bb6 14. Ne1 Bd7 15. e4 1/2-1/2

[Event "20th Rubinstein Memorial"]
[Site "Polanica Zdroj POL"]
[Date "1982.08.??"]
[Round "4"]
[White "Foisor, Ovidiu"]
[Black "Panczyk, Krzysztof"]
[WhiteElo "2400"]
[BlackElo "2380"]
[Result "1-0"]
[EventDate "1982.08.11"]
[PlyCount "82"]
1. d4 Nf6 2. c4 e6 3. Nc3 Bb4 4. g3 O-O 5. Bg2 Bxc3+ 6. bxc3 d6 7. Nf3 Nc6 8. O-O Na5 9. c5 dxc5 10. Ba3 b6 11. dxc5 Qxd1 12. Rfxd1 Re8 13. Bb4 Bb7 14. Bxa5 bxa5 15. Ne5 Bxg2 16. Kxg2 Ne4 17. Rd7 f6 18. Nc6 Kf8 19. Rb1 a6 20. Rxc7 Nxc5 21. Nxa5 Rec8 22. Rxc8+ Rxc8 23. Rb4 Nd7 24. Rc4 Rc5 25. Rxc5 Nxc5 26. Nb3 Ne4 27. c4 Nc3 28. a3 Nxe2 29. Nc5 Nd4 30. Nxa6 Ke7 31. c5 Nc2 32. a4 Kd7 33. Kf3 Kc6 34. Ke4 Kb7 35. Kd3 Ne1+ 36. Ke2 Nc2 37. Kd1 Nd4 38. Nb4 Nb3 39. c6+ Kb6 40. Kc2 Nd4+ 41. Kc3 Nxc6 1-0

[Event "20th Rubinstein Memorial"]
[Site "Polanica Zdroj POL"]
[Date "1982.08.??"]
[Round "4"]
[White "Pytel, Krzysztof"]
[Black "Pokojowczyk, Jerzy"]
[WhiteElo "2405"]
[BlackElo "2420"]
[Result "1-0"]
[EventDate "1982.08.11"]
[PlyCount "85"]
1. d4 Nf6 2. c4 c5 3. d5 e6 4. Nc3 exd5 5. cxd5 d6 6. e4 g6 7. Nf3 Bg7 8. Be2 O-O 9. O-O Re8 10. Qc2 a6 11. a4 Nh5 12. Re1 Bg4 13. Bg5 Bf6 14. Be3 Nd7 15. a5 Bg7 16. h3 Bxf3 17. Bxf3 Qh4 18. Qd2 Bf6 19. Bg4 Ne5 20. g3 Qxg4 21. hxg4 Nf3+ 22. Kg2 Nxd2 23. Bxd2 Ng7 24. Rab1 Bd4 25. Na4 f5 26. Nb6 Rab8 27. Bf4 Rxe4 28. Rxe4 fxe4 29. Bxd6 Re8 30. Bf4 e3 31. fxe3 Bxe3 32. Bxe3 Rxe3 33. Rc1 h5 34. Rxc5 hxg4 35. Rc8+ Kf7 36. Rc7+ Kf6 37. d6 Rd3 38. d7 Ne6 39. Rxb7 Nf8 40. Ra7 Kf5 41. Rxa6 Ke4 42. Ra8 Nxd7 43. Re8+ 1-0

[Event "20th Rubinstein Memorial"]
[Site "Polanica Zdroj POL"]
[Date "1982.08.??"]
[Round "4"]
[White "Radulov, Ivan"]
[Black "Vogt, Lothar"]
[WhiteElo "2480"]
[BlackElo "2490"]
[Result "1/2-1/2"]
[EventDate "1982.08.11"]
[PlyCount "34"]
1. e4 c5 2. Nf3 e6 3. c3 d5 4. exd5 exd5 5. d4 Nc6 6. Bb5 Bd6 7. dxc5 Bxc5 8. O-O Nge7 9. Nbd2 O-O 10. Nb3 Bd6 11. Nbd4 Bg4 12. Be3 Nxd4 13. Bxd4 Nf5 14. Be2 Re8 15. h3 Nxd4 16. Nxd4 Bxe2 17. Nxe2 Qb6 1/2-1/2

[Event "20th Rubinstein Memorial"]
[Site "Polanica Zdroj POL"]
[Date "1982.08.??"]
[Round "4"]
[White "Schmidt, Wlodzimierz"]
[Black "Stempin, Pawel"]
[WhiteElo "2475"]
[BlackElo "2380"]
[Result "1-0"]
[EventDate "1982.08.11"]
[PlyCount "115"]
1. d4 Nf6 2. c4 e6 3. Nf3 b6 4. a3 c5 5. d5 exd5 6. cxd5 g6 7. Nc3 Bg7 8. e4 O-O 9. Bd3 d6 10. h3 Ba6 11. O-O Re8 12. Bf4 b5 13. b4 Nh5 14. Bg5 Qb6 15. Qd2 Nd7 16. Rab1 Rac8 17. Rfc1 Nhf6 18. Be3 Qb8 19. a4 c4 20. Bc2 bxa4 21. Nd4 Nb6 22. Nc6 Qa8 23. Bd4 Nfd7 24. Bxg7 Kxg7 25. Qd4+ Kg8 26. b5 Bb7 27. Nxa4 Nxa4 28. Bxa4 Nb6 29. Ra1 Rc7 30. h4 Bxc6 31. bxc6 Qd8 32. g3 Qe7 33. Bc2 Qe5 34. Qxe5 Rxe5 35. Ra5 Ree7 36. f3 Kg7 37. Kf2 h6 38. Ke3 f5 39. Kd4 Kf6 40. Ra3 Re8 41. Rca1 Ree7 42. Re3 Rc8 43. f4 fxe4 44. Rxe4 Rxe4+ 45. Bxe4 Rc7 46. g4 Kg7 47. g5 hxg5 48. Rg1 Kf6 49. hxg5+ Kg7 50. Rh1 Nc8 51. f5 gxf5 52. Bxf5 Ne7 53. Be4 Rc8 54. Rb1 Ra8 55. Rb7 Kf8 56. g6 a5 57. g7+ Ke8 58. Bg6+ 1-0

[Event "20th Rubinstein Memorial"]
[Site "Polanica Zdroj POL"]
[Date "1982.08.??"]
[Round "4"]
[White "Sznapik, Aleksander"]
[Black "Nicevski, Risto"]
[WhiteElo "2480"]
[BlackElo "2355"]
[Result "1/2-1/2"]
[EventDate "1982.08.11"]
[PlyCount "105"]
1. e4 e5 2. Nf3 Nc6 3. Bb5 a6 4. Ba4 f5 5. d3 fxe4 6. dxe4 Nf6 7. Qd3 d6 8. Nc3 b5 9. Bb3 Na5 10. Bg5 Be7 11. Bxf6 Bxf6 12. O-O c6 13. Rad1 Nxb3 14. axb3 Be7 15. h3 Qb6 16. Kh1 O-O 17. Nh2 Be6 18. Qe2 a5 19. Rd3 a4 20. Ng4 axb3 21. cxb3 b4 22. Nd1 Ra1 23. Nde3 Rxf1+ 24. Qxf1 Qb5 25. Kg1 g6 26. Qd1 Qc5 27. Qd2 Ra8 28. Kh2 Ra1 29. Nh6+ Kh8 30. Neg4 Kg7 31. Nf5+ Bxf5 32. exf5 Qc1 33. f6+ Bxf6 34. Qxc1 Rxc1 35. Rxd6 Bg5 36. Rd7+ Kg8 37. g3 Rc2 38. Kg2 Rxb2 39. h4 h5 40. Nxe5 Be3 41. Nxg6 Rxf2+ 42. Kh3 Rb2 43. g4 Rxb3 44. gxh5 c5 45. Kg4 c4 46. Kf5 Rd3 47. Rb7 c3 48. Ne7+ Kf8 49. Ke6 c2 50. Rb8+ Kg7 51. Nf5+ Kh7 52. Rb7+ Kh8 53. Rb8+ 1/2-1/2

[Event "20th Rubinstein Memorial"]
[Site "Polanica Zdroj POL"]
[Date "1982.08.??"]
[Round "4"]
[White "Vilela de Acuna, Jose Luis"]
[Black "Popovic, Petar"]
[WhiteElo "2328"]
[BlackElo "2460"]
[Result "1/2-1/2"]
[EventDate "1982.08.11"]
[PlyCount "33"]
1. d4 Nf6 2. c4 g6 3. Nc3 d5 4. Bg5 Ne4 5. Bh4 c5 6. cxd5 Nxc3 7. bxc3 Qxd5 8. e3 Bg7 9. Qf3 Qd7 10. Bc4 O-O 11. Ne2 cxd4 12. exd4 e6 13. O-O Nc6 14. Bf6 Bxf6 15. Qxf6 Qe7 16. Qxe7 Nxe7 17. a4 1/2-1/2

[Event "20th Rubinstein Memorial"]
[Site "Polanica Zdroj POL"]
[Date "1982.08.??"]
[Round "5"]
[White "Bielczyk, Jacek"]
[Black "Sznapik, Aleksander"]
[WhiteElo "2390"]
[BlackElo "2480"]
[Result "1-0"]
[EventDate "1982.08.11"]
[PlyCount "93"]
1. e4 c5 2. Nf3 d6 3. d4 cxd4 4. Nxd4 Nf6 5. Nc3 a6 6. g3 e5 7. Nde2 Nbd7 8. Bg2 Be7 9. a4 O-O 10. O-O b6 11. h3 Bb7 12. g4 Nc5 13. Ng3 Ne6 14. Nf5 Rc8 15. Re1 Re8 16. Be3 Qc7 17. g5 Nd7 18. Nd5 Bxd5 19. exd5 Nec5 20. Bf1 Nb8 21. h4 Bf8 22. Bh3 Rcd8 23. h5 g6 24. hxg6 hxg6 25. Ng3 Bg7 26. b4 Ncd7 27. Ne4 Nf8 28. Qd3 Nh7 29. Rac1 Bf8 30. Kg2 Be7 31. Rh1 Kg7 32. Bg4 Rh8 33. Rh6 Nxg5 34. Rxh8 Rxh8 35. Nxg5 Bxg5 36. Bxg5 f6 37. Be3 f5 38. Bxf5 gxf5 39. Qxf5 b5 40. Rg1 Qf7 41. Kf1+ Kf8 42. Qc8+ Qe8 43. Qf5+ Qf7 44. Qc8+ Qe8 45. Bh6+ Ke7 46. Rg7+ Kf6 47. Qg4 1-0

[Event "20th Rubinstein Memorial"]
[Site "Polanica Zdroj POL"]
[Date "1982.08.??"]
[Round "5"]
[White "Panczyk, Krzysztof"]
[Black "Vilela de Acuna, Jose Luis"]
[WhiteElo "2380"]
[BlackElo "2328"]
[Result "0-1"]
[EventDate "1982.08.11"]
[PlyCount "54"]
1. d4 d5 2. c4 e6 3. Nc3 c6 4. Nf3 dxc4 5. a4 Bb4 6. e3 b5 7. Bd2 a5 8. Ne5 Bxc3 9. bxc3 Nf6 10. Qf3 Qd5 11. Qg3 O-O 12. f3 Ne8 13. e4 Qd8 14. Be2 f6 15. Ng4 Nd7 16. O-O Nb6 17. f4 Nxa4 18. Qh4 Bd7 19. f5 exf5 20. exf5 Nd6 21. Ne3 Nb6 22. Bh5 Be8 23. Rf4 Nd5 24. Nxd5 cxd5 25. Qh3 Bxh5 26. Qxh5 Qe8 27. Qh3 Qe2 0-1